Statistics for Countries That Contain G

Click here to take the quiz!

General Stats

  • This quiz has been taken 688 times
    (668 since last reset)
  • The average score is 31 of 45

Answer Stats

Answer% Correct
Guinea
91%
Germany
88%
Guatemala
87%
Guinea-Bissau
87%
Guyana
86%
Gabon
82%
Ghana
82%
The Gambia
82%
Algeria
80%
Greece
80%
Grenada
79%
Afghanistan
77%
Bulgaria
77%
Antigua And Barbuda
76%
Argentina
75%
Equatorial Guinea
75%
Belgium
74%
Georgia
74%
Papua New Guinea
74%
Paraguay
74%
Uruguay
72%
Angola
70%
Republic of Congo
68%
United Kingdom
66%
Bangladesh
65%
Egypt
65%
Luxembourg
65%
Mongolia
64%
Niger
64%
Nigeria
64%
Portugal
63%
Hungary
62%
Madagascar
62%
Saint Vincent And Grenadines
62%
Togo
61%
Kyrgyzstan
60%
Bosnia And Herzegovina
59%
Tonga
59%
Nicaragua
58%
Uganda
58%
Senegal
55%
Trinidad And Tobago
53%
Singapore
52%
Montenegro
51%
Democratic Republic of Congo
33%

Score Distribution

Percentile by Number Answered

Percent of People with Each Score

Your Score History

You have not taken this quiz since the last reset